[Event "Kent Oliver mem."]
[Site "Winnipeg CAN"]
[Date "2005.01.21"]
[Round "1"]
[White "Nikouline, Alexandre"]
[Black "Czarny, Keith"]
[Result "1-0"]
[WhiteElo "2026"]
[BlackElo "1651"]
[PlyCount "55"]
[GameId "2160767911031497"]
[EventDate "2005.01.21"]
[EventType "swiss"]
[EventRounds "5"]
[EventCountry "CAN"]
[SourceTitle "EXT 2006"]
[Source "ChessBase"]
[SourceDate "2005.11.24"]
[SourceVersion "1"]
[SourceVersionDate "2005.11.24"]
[SourceQuality "1"]

1. e4 e6 2. d4 d5 3. e5 c5 4. c3 Nc6 5. Be3 cxd4 6. cxd4 Bd7 7. Nf3 Nge7 8. Bd3 Ng6 9. O-O Be7 10. Nc3 O-O 11. a3 Rc8 12. g3 h6 13. h4 Nh8 14. Ne2 f5 15. Qd2 Nf7 16. Nf4 g5 17. Ng6 f4 18. gxf4 g4 19. Ng5 Nxg5 20. fxg5 Rf3 21. gxh6 Rf5 22. Nxe7+ Qxe7 23. Bg5 Qf7 24. Bxf5 exf5 25. f3 Qh5 26. Qf4 g3 27. Qxg3 Nxd4 28. Be7+ 1-0

[Event "Kent Oliver mem."]
[Site "Winnipeg CAN"]
[Date "2005.01.21"]
[Round "1"]
[White "Rutter, Blair"]
[Black "Vincent, Trevor"]
[Result "1/2-1/2"]
[WhiteElo "1742"]
[BlackElo "2032"]
[PlyCount "88"]
[GameId "2160767911031498"]
[EventDate "2005.01.21"]
[EventType "swiss"]
[EventRounds "5"]
[EventCountry "CAN"]
[SourceTitle "EXT 2006"]
[Source "ChessBase"]
[SourceDate "2005.11.24"]
[SourceVersion "1"]
[SourceVersionDate "2005.11.24"]
[SourceQuality "1"]

1. d4 f5 2. c4 Nf6 3. Nc3 g6 4. Nf3 Bg7 5. e3 d6 6. Be2 O-O 7. O-O c6 8. Rb1 Qc7 9. Qb3 Kh8 10. Bd2 e5 11. d5 h6 12. h3 Na6 13. Rfe1 Nc5 14. Qc2 a5 15. a3 a4 16. Red1 g5 17. Nh2 Qf7 18. f3 f4 19. e4 h5 20. Be1 Nb3 21. Bf2 Nd4 22. Bxd4 exd4 23. Nxa4 Nd7 24. dxc6 bxc6 25. b3 Rb8 26. Nb2 Qg6 27. Rd2 Ne5 28. Nd3 Be6 29. Nxe5 Bxe5 30. Kf2 d3 31. Rxd3 c5 32. Ke1 Qf7 33. a4 Rb4 34. Rdd1 Rfb8 35. Nf1 Qf6 36. Nh2 Bd4 37. Kf1 Kg7 38. Qa2 g4 39. fxg4 Qh4 40. Rxd4 cxd4 41. Nf3 Qf6 42. g5 Qf7 43. Qd2 Bxc4 44. Qxd4+ Kg8 1/2-1/2

[Event "Kent Oliver mem."]
[Site "Winnipeg CAN"]
[Date "2005.01.22"]
[Round "2"]
[White "Cleto, Sam"]
[Black "Boron, Anthony"]
[Result "0-1"]
[WhiteElo "1840"]
[BlackElo "1976"]
[PlyCount "108"]
[GameId "2160767911031499"]
[EventDate "2005.01.21"]
[EventType "swiss"]
[EventRounds "5"]
[EventCountry "CAN"]
[SourceTitle "EXT 2006"]
[Source "ChessBase"]
[SourceDate "2005.11.24"]
[SourceVersion "1"]
[SourceVersionDate "2005.11.24"]
[SourceQuality "1"]

1. Nf3 Nf6 2. d4 e6 3. c4 Bb4+ 4. Nc3 b6 5. Qc2 Bb7 6. a3 Bxc3+ 7. Qxc3 Ne4 8. Qc2 f5 9. e3 O-O 10. Be2 d6 11. b4 Nd7 12. a4 a5 13. b5 Ng5 14. Qd1 Ne4 15. O-O Nc3 16. Qc2 Nxe2+ 17. Qxe2 Nf6 18. Nd2 Qe8 19. f3 e5 20. d5 Qh5 21. Qe1 Rae8 22. Bb2 Nd7 23. f4 Nc5 24. fxe5 Nd3 25. Qb1 Nxb2 26. e6 Nxc4 27. Nxc4 Bxd5 28. Qd3 Bxe6 29. Rac1 Re7 30. Nd2 Bc8 31. Nf3 Bb7 32. Nd4 Be4 33. Qc4+ Qf7 34. Nxf5 Bxf5 35. Rxf5 Qxc4 36. Rxf8+ Kxf8 37. Rxc4 Ke8 38. e4 Rf7 39. g3 Kd7 40. Kg2 g5 41. g4 Rf4 42. Kg3 h6 43. h4 Rf1 44. hxg5 hxg5 45. Kg2 Rb1 46. Kf3 Rb4 47. Rxb4 axb4 48. Ke3 Ke6 49. Kd4 b3 50. Kc3 Ke5 51. Kxb3 Kxe4 52. Kb4 d5 53. Kc3 Ke3 54. Kc2 d4 0-1

[Event "Kent Oliver mem."]
[Site "Winnipeg CAN"]
[Date "2005.01.22"]
[Round "2"]
[White "Czarny, Keith"]
[Black "Anderson, George"]
[Result "0-1"]
[WhiteElo "1651"]
[BlackElo "1357"]
[PlyCount "98"]
[GameId "2160767911031500"]
[EventDate "2005.01.21"]
[EventType "swiss"]
[EventRounds "5"]
[EventCountry "CAN"]
[SourceTitle "EXT 2006"]
[Source "ChessBase"]
[SourceDate "2005.11.24"]
[SourceVersion "1"]
[SourceVersionDate "2005.11.24"]
[SourceQuality "1"]

1. Nf3 e6 2. c4 c5 3. g3 Nc6 4. Bg2 Bd6 5. Nc3 a6 6. O-O h6 7. d3 Nf6 8. Bd2 Ne7 9. e4 Ng6 10. Qc1 Rb8 11. Re1 e5 12. Nh4 Nxh4 13. gxh4 b5 14. Re3 Ng4 15. Rh3 Nf6 16. cxb5 axb5 17. a4 b4 18. Nb5 Be7 19. Na7 d6 20. Nxc8 Qxc8 21. b3 Qe6 22. Qc2 Nh5 23. Rb1 g5 24. Qd1 g4 25. Re3 Nf4 26. Rg3 h5 27. Re3 Bxh4 28. Re1 Nxd3 29. Rf1 Qf6 30. Be3 Nf4 31. Bxf4 exf4 32. Qd5 f3 33. Qc6+ Ke7 34. Bh1 Qe6 35. Rbe1 Bf6 36. Re3 Rhc8 37. Qa6 Bd4 38. Ree1 h4 39. e5 Bxe5 40. Re4 Bxh2+ 41. Kxh2 Qxe4 42. Rd1 g3+ 43. Kg1 gxf2+ 44. Kxf2 Qe2+ 45. Qxe2+ fxe2 46. Kxe2 Rg8 47. Rf1 Rg3 48. Bd5 Rg5 49. Bc6 Re5+ 0-1

[Event "Kent Oliver mem."]
[Site "Winnipeg CAN"]
[Date "2005.01.22"]
[Round "2"]
[White "Gannon, Keith"]
[Black "Gustafson, Dale"]
[Result "0-1"]
[WhiteElo "1568"]
[BlackElo "1815"]
[PlyCount "120"]
[GameId "2160767911031502"]
[EventDate "2005.01.21"]
[EventType "swiss"]
[EventRounds "5"]
[EventCountry "CAN"]
[SourceTitle "EXT 2006"]
[Source "ChessBase"]
[SourceDate "2005.11.24"]
[SourceVersion "1"]
[SourceVersionDate "2005.11.24"]
[SourceQuality "1"]

1. e4 d5 2. exd5 Qxd5 3. Nf3 Nf6 4. d4 Bg4 5. Nc3 Qa5 6. Bd2 c6 7. Ne4 Qc7 8. Nxf6+ gxf6 9. c4 e6 10. Be2 Nd7 11. h3 Bh5 12. b4 Bd6 13. c5 Bf4 14. Bxf4 Qxf4 15. Qd2 Qe4 16. O-O Rg8 17. Qe3 Bxf3 18. Bxf3 Qxe3 19. fxe3 a6 20. a4 Ke7 21. Rfe1 f5 22. e4 fxe4 23. Bxe4 Nf6 24. Bf3 Rad8 25. Rad1 Rd7 26. Be2 Rgd8 27. b5 axb5 28. axb5 Rxd4 29. bxc6 Rxd1 30. Bxd1 bxc6 31. Bf3 Nd5 32. Ra1 Rc8 33. Ra6 Rc7 34. Be4 f5 35. Bf3 Kf6 36. Bd1 Ke5 37. Ba4 Ne7 38. Bb3 Kf6 39. Rb6 Ra7 40. Kf2 Ra5 41. g4 fxg4 42. hxg4 Rxc5 43. Rb8 Rb5 44. Rxb5 cxb5 45. g5+ Kxg5 46. Bxe6 Kf4 47. Bd7 b4 48. Be6 Nc6 49. Bg8 h5 50. Bf7 h4 51. Kg2 Ne5 52. Be6 Kg5 53. Kh3 Nd3 54. Bc4 Nf4+ 55. Kh2 Kg4 56. Kh1 Kg3 57. Kg1 Nh3+ 58. Kh1 Nf2+ 59. Kg1 h3 60. Kf1 h2 0-1

[Event "Kent Oliver mem."]
[Site "Winnipeg CAN"]
[Date "2005.01.22"]
[Round "2"]
[White "Gentes, Kevin"]
[Black "Kaptsan, Aron"]
[Result "1-0"]
[WhiteElo "2321"]
[BlackElo "1890"]
[PlyCount "47"]
[GameId "2160767911031503"]
[EventDate "2005.01.21"]
[EventType "swiss"]
[EventRounds "5"]
[EventCountry "CAN"]
[SourceTitle "EXT 2006"]
[Source "ChessBase"]
[SourceDate "2005.11.24"]
[SourceVersion "1"]
[SourceVersionDate "2005.11.24"]
[SourceQuality "1"]

1. e4 e5 2. Nf3 Nc6 3. Bc4 Nf6 4. d3 Be7 5. c3 O-O 6. Nbd2 d6 7. Bb3 h6 8. Nf1 Re8 9. h3 Bf8 10. g4 d5 11. Qe2 dxe4 12. dxe4 Na5 13. Bc2 Nh7 14. Ne3 g6 15. O-O Bd7 16. Rd1 Qc8 17. Kh1 b6 18. Rg1 Nb7 19. Nf5 gxf5 20. gxf5+ Kh8 21. Nxe5 Nf6 22. Nxf7+ Kh7 23. Qf3 Be6 24. fxe6 1-0

[Event "Kent Oliver mem."]
[Site "Winnipeg CAN"]
[Date "2005.01.22"]
[Round "2"]
[White "Khedkar, Jay S"]
[Black "Nikouline, Alexandre"]
[Result "1-0"]
[WhiteElo "1955"]
[BlackElo "2026"]
[PlyCount "91"]
[GameId "2160767911031504"]
[EventDate "2005.01.21"]
[EventType "swiss"]
[EventRounds "5"]
[EventCountry "CAN"]
[SourceTitle "EXT 2006"]
[Source "ChessBase"]
[SourceDate "2005.11.24"]
[SourceVersion "1"]
[SourceVersionDate "2005.11.24"]
[SourceQuality "1"]

1. e4 c5 2. Nf3 e6 3. d4 cxd4 4. Nxd4 a6 5. Bd3 Qc7 6. O-O Nc6 7. Nxc6 dxc6 8. c4 Nf6 9. Nc3 Be7 10. Kh1 e5 11. f4 Bg4 12. Qe1 O-O-O 13. Be2 h5 14. fxe5 Qxe5 15. Bf4 Qe6 16. e5 Nd7 17. h3 Bc5 18. Ne4 Bxe2 19. Qxe2 f6 20. Rad1 Be7 21. Nd6+ Kb8 22. Nf7 Nxe5 23. Nxd8 Bxd8 24. Bxe5+ fxe5 25. Qe4 Bf6 26. Rd3 Kc7 27. b3 h4 28. Qf5 Qxf5 29. Rxf5 Rd8 30. Rxd8 Kxd8 31. Kg1 Ke7 32. Kf1 g6 33. Rf3 Bg5 34. Ke2 Bf4 35. Kd3 a5 36. Ke4 b6 37. Rd3 Bh2 38. a3 Bf4 39. b4 a4 40. c5 bxc5 41. bxc5 Kf7 42. Rd7+ Ke8 43. Ra7 Bc1 44. Kxe5 Bxa3 45. Ke6 Kf8 46. Kd6 1-0

[Event "Kent Oliver mem."]
[Site "Winnipeg CAN"]
[Date "2005.01.22"]
[Round "2"]
[White "Tang, Edward"]
[Black "Anderson, Collin"]
[Result "1/2-1/2"]
[WhiteElo "1995"]
[BlackElo "1826"]
[PlyCount "73"]
[GameId "2160767911031506"]
[EventDate "2005.01.21"]
[EventType "swiss"]
[EventRounds "5"]
[EventCountry "CAN"]
[SourceTitle "EXT 2006"]
[Source "ChessBase"]
[SourceDate "2005.11.24"]
[SourceVersion "1"]
[SourceVersionDate "2005.11.24"]
[SourceQuality "1"]

1. e4 c5 2. Nf3 Nc6 3. d4 cxd4 4. Nxd4 Nf6 5. Nc3 e5 6. Ndb5 d6 7. Nd5 Nxd5 8. exd5 Ne7 9. c3 Ng6 10. Bd3 a6 11. Na3 f5 12. O-O Be7 13. b4 O-O 14. Nc4 e4 15. Bc2 b5 16. Na5 Bg5 17. Nc6 Qf6 18. Qd4 Bd7 19. Bb3 Qxd4 20. cxd4 Bf6 21. Bb2 Kh8 22. g3 f4 23. Bc2 Bxc6 24. dxc6 d5 25. a4 Rac8 26. axb5 axb5 27. Bb3 Rxc6 28. Bxd5 Rc2 29. Bc1 Bxd4 30. Bxe4 Rxf2 31. Rxf2 fxg3 32. hxg3 Rxf2 33. Ra8+ Rf8+ 34. Kg2 Rxa8 35. Bxa8 Ne5 36. Bf4 g6 37. Bxe5+ 1/2-1/2

[Event "Kent Oliver mem."]
[Site "Winnipeg CAN"]
[Date "2005.01.22"]
[Round "2"]
[White "Vincent, Trevor"]
[Black "MacPherson, Al"]
[Result "1/2-1/2"]
[WhiteElo "2032"]
[BlackElo "1752"]
[PlyCount "74"]
[GameId "2160767911031507"]
[EventDate "2005.01.21"]
[EventType "swiss"]
[EventRounds "5"]
[EventCountry "CAN"]
[SourceTitle "EXT 2006"]
[Source "ChessBase"]
[SourceDate "2005.11.24"]
[SourceVersion "1"]
[SourceVersionDate "2005.11.24"]
[SourceQuality "1"]

1. c4 c5 2. g3 Nf6 3. Bg2 d5 4. cxd5 Nxd5 5. Nc3 Nc7 6. Nf3 Nc6 7. O-O e5 8. Ne1 Qd7 9. Nd3 f6 10. Qa4 Be7 11. b3 a6 12. Bxc6 bxc6 13. Ba3 Nb5 14. Bxc5 Bxc5 15. Nxc5 Qxd2 16. Nxb5 cxb5 17. Qe4 Ra7 18. Rfd1 Qa5 19. Qc6+ Kf7 20. Qd5+ Ke7 21. Na4 Rd7 22. Qc5+ Kf7 23. Rxd7+ Bxd7 24. Qa7 bxa4 25. Qxd7+ Kg6 26. Rd1 axb3 27. axb3 Qb5 28. Qg4+ Kh6 29. Rd7 Rg8 30. Qh3+ Kg6 31. g4 h6 32. Qh5+ Kh7 33. Qf5+ Kh8 34. Qd3 Qxd3 35. Rxd3 Rb8 36. Kg2 Rb4 37. h3 Kh7 1/2-1/2

[Event "Kent Oliver mem."]
[Site "Winnipeg CAN"]
[Date "2005.01.22"]
[Round "3"]
[White "Anderson, Collin"]
[Black "Gibbons, Michael"]
[Result "1-0"]
[WhiteElo "1826"]
[BlackElo "2057"]
[PlyCount "36"]
[GameId "2160767911031508"]
[EventDate "2005.01.21"]
[EventType "swiss"]
[EventRounds "5"]
[EventCountry "CAN"]
[SourceTitle "EXT 2006"]
[Source "ChessBase"]
[SourceDate "2005.11.24"]
[SourceVersion "1"]
[SourceVersionDate "2005.11.24"]
[SourceQuality "1"]

1. e4 c6 2. d4 d5 3. exd5 cxd5 4. c4 Nc6 5. Nc3 Nf6 6. Bg5 dxc4 7. Bxf6 gxf6 8. d5 Ne5 9. Nf3 Bg4 10. Qa4+ Bd7 11. Qd1 Nxf3+ 12. Qxf3 b5 13. O-O-O Qc8 14. Be2 Bf5 15. Qe3 b4 16. Nb5 c3 17. Nd6+ Kd7 18. Nxc8 Rxc8 1-0

[Event "Kent Oliver mem."]
[Site "Winnipeg CAN"]
[Date "2005.01.22"]
[Round "3"]
[White "Boron, Anthony"]
[Black "Gentes, Kevin"]
[Result "0-1"]
[WhiteElo "1976"]
[BlackElo "2321"]
[PlyCount "92"]
[GameId "2160767911031509"]
[EventDate "2005.01.21"]
[EventType "swiss"]
[EventRounds "5"]
[EventCountry "CAN"]
[SourceTitle "EXT 2006"]
[Source "ChessBase"]
[SourceDate "2005.11.24"]
[SourceVersion "1"]
[SourceVersionDate "2005.11.24"]
[SourceQuality "1"]

1. e4 c5 2. Nf3 d6 3. c3 Nf6 4. Bd3 Nc6 5. h3 g6 6. O-O Bg7 7. Re1 O-O 8. Na3 Ne5 9. Nxe5 dxe5 10. Bc2 Nh5 11. d3 Be6 12. Be3 b6 13. Qd2 Qc7 14. Bb3 Bxb3 15. axb3 Rfd8 16. Rad1 Rd7 17. g3 Rad8 18. Qe2 Qc6 19. Kh2 e6 20. g4 Nf4 21. Bxf4 exf4 22. f3 b5 23. Qc2 a6 24. Re2 f5 25. gxf5 exf5 26. Rdd2 Rd6 27. Qd1 g5 28. Rg2 h6 29. Nc2 Qd7 30. Ne1 fxe4 31. fxe4 Qf7 32. Kg1 b4 33. Qc2 bxc3 34. bxc3 Qh5 35. b4 cxb4 36. Qb3+ Kh8 37. Qxb4 Qxh3 38. d4 Qe3+ 39. Kf1 Qxe4 40. Rde2 Qf5 41. Re7 f3 42. Rg3 g4 43. Qb7 Rg6 44. Rf7 Qe6 45. Re7 Qc4+ 46. Kf2 Qxc3 0-1

[Event "Kent Oliver mem."]
[Site "Winnipeg CAN"]
[Date "2005.01.22"]
[Round "3"]
[White "Degroot, Stephen"]
[Black "Cleto, Sam"]
[Result "0-1"]
[WhiteElo "1602"]
[BlackElo "1840"]
[PlyCount "86"]
[GameId "2160767911031511"]
[EventDate "2005.01.21"]
[EventType "swiss"]
[EventRounds "5"]
[EventCountry "CAN"]
[SourceTitle "EXT 2006"]
[Source "ChessBase"]
[SourceDate "2005.11.24"]
[SourceVersion "1"]
[SourceVersionDate "2005.11.24"]
[SourceQuality "1"]

1. e4 c5 2. Nf3 d6 3. d4 cxd4 4. Nxd4 Nf6 5. Nc3 a6 6. Bg5 e6 7. f4 Be7 8. Qf3 Qc7 9. O-O-O Bd7 10. Qg3 Nc6 11. Nxc6 Bxc6 12. e5 dxe5 13. fxe5 Ne4 14. Nxe4 Bxe4 15. Bd3 Bxd3 16. Rxd3 Bxg5+ 17. Qxg5 O-O 18. h4 Rac8 19. Rd2 h6 20. Qe3 Qa5 21. Kb1 Rc5 22. Re2 Rd8 23. a3 Rcd5 24. g4 Rd1+ 25. Rxd1 Rxd1+ 26. Ka2 Qd5+ 27. b3 b5 28. g5 h5 29. Qe4 Qd4 30. Qxd4 Rxd4 31. Rh2 Re4 32. Kb2 Rxe5 33. c4 Kf8 34. cxb5 axb5 35. Rh3 Ke7 36. Kc3 Kd6 37. Rd3+ Kc6 38. Rd4 f5 39. gxf6 gxf6 40. a4 Rc5+ 41. Kd3 e5 42. Rb4 f5 43. a5 Kb7 0-1

[Event "Kent Oliver mem."]
[Site "Winnipeg CAN"]
[Date "2005.01.22"]
[Round "3"]
[White "Gustafson, Dale"]
[Black "Vincent, Trevor"]
[Result "1/2-1/2"]
[WhiteElo "1815"]
[BlackElo "2032"]
[PlyCount "86"]
[GameId "2160767911031512"]
[EventDate "2005.01.21"]
[EventType "swiss"]
[EventRounds "5"]
[EventCountry "CAN"]
[SourceTitle "EXT 2006"]
[Source "ChessBase"]
[SourceDate "2005.11.24"]
[SourceVersion "1"]
[SourceVersionDate "2005.11.24"]
[SourceQuality "1"]

1. e4 c5 2. Nc3 Nc6 3. g3 g6 4. Bg2 Bg7 5. d3 d6 6. f4 e6 7. Nf3 Nge7 8. O-O O-O 9. Be3 Nd4 10. Rb1 Rb8 11. Ne2 Nxf3+ 12. Bxf3 b6 13. Qd2 d5 14. c3 Bb7 15. Rbd1 Qd7 16. Bg2 Rbd8 17. Qc2 Rc8 18. d4 Ba6 19. Qd2 Rfd8 20. Rfe1 cxd4 21. Nxd4 dxe4 22. Bxe4 Bb7 23. Bxb7 Qxb7 24. Qg2 Qa6 25. a3 Qa4 26. Qe2 a6 27. Nf3 Nd5 28. Bd4 Qc4 29. Qxc4 Rxc4 30. Bxg7 Kxg7 31. Ne5 Rc5 32. Rd4 Ne7 33. Red1 Rdd5 34. c4 Rxd4 35. Rxd4 Nc6 36. Rd6 Nxe5 37. fxe5 Rxc4 38. Rxb6 a5 39. Rb5 a4 40. Rb4 Rc2 41. Rxa4 Rxb2 42. Ra5 Ra2 43. a4 g5 1/2-1/2

[Event "Kent Oliver mem."]
[Site "Winnipeg CAN"]
[Date "2005.01.22"]
[Round "3"]
[White "Kaptsan, Aron"]
[Black "Rutter, Blair"]
[Result "1-0"]
[WhiteElo "1890"]
[BlackElo "1742"]
[PlyCount "93"]
[GameId "2160767911031513"]
[EventDate "2005.01.21"]
[EventType "swiss"]
[EventRounds "5"]
[EventCountry "CAN"]
[SourceTitle "EXT 2006"]
[Source "ChessBase"]
[SourceDate "2005.11.24"]
[SourceVersion "1"]
[SourceVersionDate "2005.11.24"]
[SourceQuality "1"]

1. d4 e6 2. c4 Nf6 3. Nc3 d5 4. Bg5 Be7 5. e3 Nbd7 6. Nf3 O-O 7. Qc2 h6 8. h4 c5 9. O-O-O Qa5 10. Kb1 b5 11. cxb5 c4 12. g4 Bb4 13. Bxf6 Nxf6 14. g5 Nh7 15. Rg1 Bxc3 16. bxc3 Qxb5+ 17. Ka1 h5 18. Rb1 Qa5 19. Bh3 Bd7 20. Rb4 Rfb8 21. g6 Rxb4 22. gxh7+ Kh8 23. cxb4 Qxb4 24. Rb1 Qa3 25. Qb2 Qa4 26. Qb4 Qc2 27. Qb2 Qa4 28. Bf1 f6 29. Be2 Kxh7 30. Bd1 Qc6 31. Bc2+ g6 32. Qb7 Kh6 33. Qxc6 Bxc6 34. Kb2 Rf8 35. Kc3 g5 36. Rg1 g4 37. Ne1 e5 38. f3 exd4+ 39. Kxd4 f5 40. Ng2 gxf3 41. Nf4 f2 42. Rf1 Rg8 43. Rxf2 Rg4 44. Bxf5 Rxh4 45. Rg2 Be8 46. Kxd5 c3 47. Ke6 1-0

[Event "Kent Oliver mem."]
[Site "Winnipeg CAN"]
[Date "2005.01.22"]
[Round "3"]
[White "Kohalmi, Andy"]
[Black "Gannon, Keith"]
[Result "0-1"]
[WhiteElo "1644"]
[BlackElo "1568"]
[PlyCount "124"]
[GameId "2160767911031514"]
[EventDate "2005.01.21"]
[EventType "swiss"]
[EventRounds "5"]
[EventCountry "CAN"]
[SourceTitle "EXT 2006"]
[Source "ChessBase"]
[SourceDate "2005.11.24"]
[SourceVersion "1"]
[SourceVersionDate "2005.11.24"]
[SourceQuality "1"]

1. d4 Nf6 2. Nf3 d5 3. e3 e6 4. Bd3 c5 5. b3 Nc6 6. O-O Be7 7. dxc5 Bxc5 8. Bb2 O-O 9. Nbd2 Nb4 10. Be2 Bd6 11. a3 Nc6 12. c4 dxc4 13. Nxc4 Be7 14. Qc2 b5 15. Rfd1 Nd7 16. Nce5 Ncxe5 17. Nxe5 Bf6 18. Nxd7 Bxd7 19. Bxf6 Qxf6 20. Rxd7 Qxa1+ 21. Rd1 Qxa3 22. Bxb5 Rad8 23. Bd3 g6 24. h4 Qa5 25. g4 Qe5 26. Re1 Rc8 27. Bc4 Rfd8 28. f4 Qd6 29. Qh2 Qd2 30. Re2 Qc1+ 31. Kf2 Rd2 32. Kg3 Rxe2 33. Qxe2 Rd8 34. Bd3 Qg1+ 35. Kh3 Qh1+ 36. Kg3 Qd5 37. Bc4 Qd2 38. Qf3 Qe1+ 39. Qf2 Qxf2+ 40. Kxf2 Rd2+ 41. Kf3 Kg7 42. g5 h6 43. Be2 hxg5 44. hxg5 Rd5 45. Bc4 Rd6 46. Ke4 f6 47. Bd3 Kf7 48. Bc4 Rc6 49. Bb5 Rc5 50. Bc4 fxg5 51. fxg5 Rxg5 52. Kf4 Rf5+ 53. Kg4 Kf6 54. Bd3 Re5 55. Kf4 g5+ 56. Kf3 Rc5 57. Bc4 a5 58. Be2 Ke5 59. Kf2 Ke4 60. Bd1 Kd3 61. Bg4 Rc2+ 62. Kf3 Rc1 0-1

[Event "Kent Oliver mem."]
[Site "Winnipeg CAN"]
[Date "2005.01.22"]
[Round "3"]
[White "MacPherson, Al"]
[Black "Nikouline, Alexandre"]
[Result "0-1"]
[WhiteElo "1752"]
[BlackElo "2026"]
[PlyCount "48"]
[GameId "2160767911031515"]
[EventDate "2005.01.21"]
[EventType "swiss"]
[EventRounds "5"]
[EventCountry "CAN"]
[SourceTitle "EXT 2006"]
[Source "ChessBase"]
[SourceDate "2005.11.24"]
[SourceVersion "1"]
[SourceVersionDate "2005.11.24"]
[SourceQuality "1"]

1. d4 Nf6 2. c4 g6 3. Nc3 d5 4. cxd5 Nxd5 5. e4 Nxc3 6. bxc3 Bg7 7. Nf3 c5 8. Be3 Qa5 9. Qd2 Nc6 10. Rb1 O-O 11. Rb5 Qa3 12. Rxc5 a6 13. Be2 Rd8 14. O-O Qxc5 15. dxc5 Rxd2 16. Bxd2 Be6 17. Rb1 Na5 18. Rb4 Rd8 19. Ra4 Nc6 20. Bxa6 bxa6 21. Rxa6 Ne5 22. Nd4 Nc4 23. Be3 Rb8 24. Kf1 Nxe3+ 0-1

[Event "Kent Oliver mem."]
[Site "Winnipeg CAN"]
[Date "2005.01.22"]
[Round "3"]
[White "Tang, Edward"]
[Black "Khedkar, Jay S"]
[Result "1-0"]
[WhiteElo "1995"]
[BlackElo "1955"]
[PlyCount "61"]
[GameId "2160767911031516"]
[EventDate "2005.01.21"]
[EventType "swiss"]
[EventRounds "5"]
[EventCountry "CAN"]
[SourceTitle "EXT 2006"]
[Source "ChessBase"]
[SourceDate "2005.11.24"]
[SourceVersion "1"]
[SourceVersionDate "2005.11.24"]
[SourceQuality "1"]

1. e4 e6 2. d4 d5 3. Nc3 Nf6 4. e5 Nfd7 5. f4 c5 6. Nf3 Nc6 7. Be3 cxd4 8. Nxd4 Bc5 9. Qd2 Nxd4 10. Bxd4 Bxd4 11. Qxd4 Qb6 12. Qd2 a6 13. O-O-O Nc5 14. f5 Ne4 15. Nxe4 dxe4 16. Qg5 exf5 17. Rd6 Qc7 18. Qxg7 Rf8 19. Bc4 Qxc4 20. Rd8+ Kxd8 21. Qxf8+ Kd7 22. Rd1+ Kc6 23. Qd6+ Kb5 24. a4+ Ka5 25. Rd5+ b5 26. Qd8+ Kb4 27. Rd4 Qxd4 28. Qxd4+ Ka5 29. b4+ Kxa4 30. Qc3 Be6 31. Kb2 1-0

[Event "Kent Oliver mem."]
[Site "Winnipeg CAN"]
[Date "2005.01.23"]
[Round "4"]
[White "Anderson, George"]
[Black "Gustafson, Dale"]
[Result "0-1"]
[WhiteElo "1357"]
[BlackElo "1815"]
[PlyCount "61"]
[GameId "2160767911031517"]
[EventDate "2005.01.21"]
[EventType "swiss"]
[EventRounds "5"]
[EventCountry "CAN"]
[SourceTitle "EXT 2006"]
[Source "ChessBase"]
[SourceDate "2005.11.24"]
[SourceVersion "1"]
[SourceVersionDate "2005.11.24"]
[SourceQuality "1"]

1. e4 d5 2. exd5 Qxd5 3. Nf3 Nf6 4. Nc3 Qa5 5. Bc4 c6 6. a3 Bg4 7. b4 Qc7 8. O-O e6 9. h3 Bh5 10. Re1 Bd6 11. Bb2 Nbd7 12. Ne4 Nxe4 13. Rxe4 Nf6 14. Bxf6 gxf6 15. Rh4 Bg6 16. c3 f5 17. Qb3 Be7 18. Rd4 e5 19. Rh4 e4 20. Re1 b5 21. Bf1 O-O 22. Rh6 exf3 23. h4 Kg7 24. h5 Kxh6 25. hxg6 hxg6 26. c4 Kg7 27. Qxf3 bxc4 28. Bxc4 Bf6 29. d3 Rae8 30. Rc1 Qd6 31. g4 0-1

[Event "Kent Oliver mem."]
[Site "Winnipeg CAN"]
[Date "2005.01.23"]
[Round "4"]
[White "Gannon, Keith"]
[Black "Czarny, Keith"]
[Result "0-1"]
[WhiteElo "1568"]
[BlackElo "1651"]
[PlyCount "118"]
[GameId "2160767911031518"]
[EventDate "2005.01.21"]
[EventType "swiss"]
[EventRounds "5"]
[EventCountry "CAN"]
[SourceTitle "EXT 2006"]
[Source "ChessBase"]
[SourceDate "2005.11.24"]
[SourceVersion "1"]
[SourceVersionDate "2005.11.24"]
[SourceQuality "1"]

1. e4 e6 2. Nf3 c5 3. b3 d5 4. Bb5+ Bd7 5. Bxd7+ Nxd7 6. exd5 exd5 7. Bb2 Ngf6 8. d3 Be7 9. O-O O-O 10. Nbd2 Re8 11. Re1 Bd6 12. Rxe8+ Qxe8 13. Qe1 d4 14. Nc4 Bc7 15. b4 Rd8 16. bxc5 Nxc5 17. Bxd4 Qc6 18. Qd2 h6 19. Re1 Nd5 20. Bxc5 Qxc5 21. Qd1 b5 22. Ne3 Nc3 23. Qa1 Ba5 24. a3 Nd5 25. Re2 Nf4 26. Re1 Bxe1 27. Nxe1 Qc3 28. Qb1 Qc6 29. h3 Re8 30. Qb4 Qc3 31. Qxf4 Qxe1+ 32. Kh2 Qc3 33. Qd6 Qe5+ 34. Qxe5 Rxe5 35. g4 f6 36. Kg3 Kf7 37. h4 Rc5 38. c4 bxc4 39. dxc4 Ra5 40. Nc2 Ra4 41. Kg2 Rxc4 42. Ne3 Rc3 43. Nf5 Rxa3 44. Nd6+ Ke6 45. Nb5 Ra1 46. Nd4+ Kd5 47. Nf5 g5 48. hxg5 hxg5 49. Ne7+ Ke6 50. Nc6 a5 51. Nd4+ Kf7 52. Nb3 Ra3 53. Nd4 Rd3 54. Ne2 a4 55. Nc1 Rd1 56. Na2 a3 57. Nc3 Rd2 58. Nb1 a2 59. Nxd2 a1=Q 0-1

[Event "Kent Oliver mem."]
[Site "Winnipeg CAN"]
[Date "2005.01.23"]
[Round "4"]
[White "Gentes, Kevin"]
[Black "Tang, Edward"]
[Result "1-0"]
[WhiteElo "2321"]
[BlackElo "1995"]
[PlyCount "47"]
[GameId "2160767911031519"]
[EventDate "2005.01.21"]
[EventType "swiss"]
[EventRounds "5"]
[EventCountry "CAN"]
[SourceTitle "EXT 2006"]
[Source "ChessBase"]
[SourceDate "2005.11.24"]
[SourceVersion "1"]
[SourceVersionDate "2005.11.24"]
[SourceQuality "1"]

1. Nf3 Nf6 2. b4 d6 3. Bb2 e5 4. d3 g6 5. g3 Bg7 6. Bg2 O-O 7. e4 a5 8. a3 axb4 9. axb4 Rxa1 10. Bxa1 Bd7 11. O-O Qc8 12. Nbd2 Nc6 13. c3 Bh3 14. Nc4 Bxg2 15. Kxg2 Re8 16. b5 Nd8 17. b6 Ne6 18. bxc7 Qxc7 19. Ne3 Bh6 20. Nd2 Ng5 21. f4 exf4 22. Rxf4 Nh5 23. Nd5 Qd7 24. Qxh5 1-0

[Event "Kent Oliver mem."]
[Site "Winnipeg CAN"]
[Date "2005.01.23"]
[Round "4"]
[White "Kaptsan, Aron"]
[Black "Boron, Anthony"]
[Result "0-1"]
[WhiteElo "1890"]
[BlackElo "1976"]
[PlyCount "52"]
[GameId "2160767911031521"]
[EventDate "2005.01.21"]
[EventType "swiss"]
[EventRounds "5"]
[EventCountry "CAN"]
[SourceTitle "EXT 2006"]
[Source "ChessBase"]
[SourceDate "2005.11.24"]
[SourceVersion "1"]
[SourceVersionDate "2005.11.24"]
[SourceQuality "1"]

1. d4 Nf6 2. c4 e6 3. Nc3 Bb4 4. f3 d5 5. e3 O-O 6. Bd3 a6 7. Nge2 Nc6 8. cxd5 exd5 9. O-O Re8 10. a3 Be7 11. b4 b6 12. Ng3 g6 13. Nce2 Bf8 14. Bc2 Bg7 15. Rb1 Na7 16. h3 Nb5 17. e4 Bb7 18. e5 Nd7 19. a4 Nxd4 20. Nxd4 Bxe5 21. Nge2 Qh4 22. f4 Bd6 23. f5 c5 24. bxc5 Bxc5 25. Rf4 Qh5 26. Kh1 Bxd4 0-1